[Event "MEX-ch (Women)"]
[Site "Mexico City"]
[Date "2023.11.11"]
[Round "6"]
[White "Guillen Cristobal, Sandra Nayeli"]
[Black "Diaz Bartolo, Elizabeth Schahraza"]
[Result "1-0"]
[WhiteElo "1933"]
[BlackElo "1599"]
[PlyCount "81"]
[EventDate "2023.11.07"]
[EventType "swiss"]
[EventRounds "9"]
[EventCountry "MEX"]
[SourceTitle "CB47_2023"]
[SourceDate "2023.11.22"]
[SourceVersion "1"]
[SourceVersionDate "2023.11.22"]
[SourceQuality "1"]

1. e4 c6 2. d4 d5 3. e5 Bf5 4. h4 Qc8 5. Be3 h6 6. c4 e6 7. a3 Ne7 8. Nc3 Nd7 9. Rc1 dxc4 10. Bxc4 Nb6 11. Ba2 Ned5 12. Nge2 Be7 13. Nf4 Qd8 14. g3 Rg8 15. Nfxd5 exd5 16. g4 Bg6 17. h5 Bh7 18. Qe2 Qd7 19. f4 f5 20. Bb1 Nc4 21. Bf2 0-0-0 22. Bd3 Qe6 23. Qc2 Rdf8 24. Ne2 Rh8 25. Ng3 Nd6 26. Be3 Ne4 27. gxf5 Bxf5 28. Nxe4 dxe4 29. Bc4 Qd7 30. d5 Qd8 31. dxc6 b6 32. Ba6+ Kc7 33. 0-0 Bc8 34. Rfd1 Qxd1+ 35. Rxd1 Bxa6 36. Rd7+ Kb8 37. Rxe7 Bd3 38. Qa4 a6 39. Qd4 b5 40. Qb6+ Kc8 41. Qc7# 1-0

[Event "MEX-ch (Women)"]
[Site "Mexico City"]
[Date "2023.11.07"]
[Round "1"]
[White "Diaz Bartolo, Elizabeth Schahraza"]
[Black "Miranda Rodriguez, Tania"]
[Result "1-0"]
[WhiteElo "1599"]
[BlackElo "2128"]
[PlyCount "135"]
[EventDate "2023.11.07"]
[EventType "swiss"]
[EventRounds "9"]
[EventCountry "MEX"]
[SourceTitle "CB47_2023"]
[SourceDate "2023.11.22"]
[SourceVersion "1"]
[SourceVersionDate "2023.11.22"]
[SourceQuality "1"]

1. b3 e5 2. Bb2 Nc6 3. e3 Nf6 4. Bb5 d6 5. Ne2 Bd7 6. d4 exd4 7. Nxd4 Nxd4 8. Bxd7+ Qxd7 9. Bxd4 Be7 10. Nd2 d5 11. 0-0 0-0 12. Qe2 Rfe8 13. c4 a5 14. a3 Ra6 15. Rfd1 c5 16. Bb2 a4 17. bxa4 Qxa4 18. cxd5 Nxd5 19. Nc4 Nf6 20. e4 b5 21. e5 bxc4 22. exf6 Bxf6 23. Qd2 Bxb2 24. Qxb2 Qb3 25. Qe5 Rae6 26. Qd5 Qd3 27. g3 Qxd5 28. Rxd5 Re5 29. Rxe5 Rxe5 30. a4 Kf8 31. a5 Re8 32. a6 c3 33. Rc1 Rc8 34. Rxc3 Ke7 35. a7 Kd6 36. Rb3 Ra8 37. Rb7 f5 38. Kf1 g6 39. Ke2 h5 40. h4 Kc6 41. Rg7 Kb6 42. Rxg6+ Kxa7 43. Rc6 Re8+ 44. Kd3 Rd8+ 45. Kc3 f4 46. Rxc5 fxg3 47. fxg3 Rf8 48. Rg5 Kb7 49. Kd4 Rf3 50. Ke4 Rc3 51. Kf5 Kc7 52. Kg6 Kd7 53. Kxh5 Ke7 54. g4 Kf7 55. Rf5+ Kg7 56. Kg5 Rc4 57. Rd5 Rc7 58. h5 Kg8 59. Rd6 Kg7 60. h6+ Kg8 61. Kf6 Rf7+ 62. Ke6 Rf4 63. g5 Kh7 64. Rd7+ Kg8 65. g6 Re4+ 66. Kf6 Re8 67. Rc7 Kh8 68. g7+ 1-0

[Event "World ol U16"]
[Site "Nakhchivan"]
[Date "2022.10.06"]
[Round "5.8"]
[White "Diaz Bartolo, Elizabeth Schahraza"]
[Black "Maklakova, Naomi"]
[Result "1/2-1/2"]
[WhiteElo "1681"]
[BlackElo "1635"]
[PlyCount "127"]
[EventDate "2022.10.02"]
[EventType "team-swiss"]
[EventRounds "9"]
[EventCountry "AZE"]
[SourceTitle "CBM 210 Extra"]
[Source "ChessBase"]
[SourceDate "2022.11.30"]
[SourceVersion "1"]
[SourceVersionDate "2022.11.30"]
[SourceQuality "1"]
[WhiteTeam "Mexico"]
[BlackTeam "Latvia"]
[WhiteTeamCountry "MEX"]
[BlackTeamCountry "LAT"]

1. e4 e5 2. Nc3 Nc6 3. Bc4 Nf6 4. d3 Bb4 5. Nge2 0-0 6. 0-0 Na5 7. Bb3 Nxb3 8. axb3 c6 9. Kh1 d5 10. Bg5 Be7 11. exd5 Nxd5 12. Bxe7 Qxe7 13. Qd2 Bg4 14. f4 exf4 15. Nxf4 Qe3 16. Qxe3 Nxe3 17. Rf2 g5 18. h3 Bd7 19. Nh5 f5 20. Re1 f4 21. Ne4 Nd5 22. c4 Be8 23. cxd5 Bxh5 24. Nxg5 cxd5 25. Re7 Bg6 26. d4 b6 27. Ne6 Rfe8 28. Rxe8+ Rxe8 29. Nxf4 Re1+ 30. Kh2 Be4 31. Ne6 h6 32. Rf8+ Kh7 33. Rf7+ Kg6 34. Rxa7 Kf6 35. Nf4 Kg5 36. Kg3 Re3+ 37. Kf2 Rxb3 38. g3 Rxb2+ 39. Ke1 Rb3 40. Ne2 b5 41. Rc7 b4 42. Rb7 Rb1+ 43. Kd2 Rb2+ 44. Ke3 Rb3+ 45. Kd2 Rd3+ 46. Ke1 b3 47. Rb6 h5 48. h4+ Kg4 49. Rb8 Kf3 50. Rf8+ Ke3 51. Rb8 Bf3 52. Re8+ Be4 53. Rb8 b2 54. Rxb2 Ra3 55. Nc1 Kxd4 56. Kd2 Ke5 57. Rb3 Rxb3 58. Nxb3 d4 59. Ke2 Bf5 60. Nd2 Bc2 61. Nf3+ Ke4 62. Nd2+ Kf5 63. Nf3 d3+ 64. Ke3 1/2-1/2

[Event "World ol U16"]
[Site "Nakhchivan"]
[Date "2022.10.02"]
[Round "1.11"]
[White "Fawaz, Nadia"]
[Black "Diaz Bartolo, Elizabeth Schahraza"]
[Result "0-1"]
[WhiteElo "1500"]
[BlackElo "1681"]
[PlyCount "104"]
[EventDate "2022.10.02"]
[EventType "team-swiss"]
[EventRounds "9"]
[EventCountry "AZE"]
[SourceTitle "CBM 210 Extra"]
[Source "ChessBase"]
[SourceDate "2022.11.30"]
[SourceVersion "1"]
[SourceVersionDate "2022.11.30"]
[SourceQuality "1"]
[WhiteTeam "Lebanon"]
[BlackTeam "Mexico"]
[WhiteTeamCountry "LBN"]
[BlackTeamCountry "MEX"]

1. d4 Nf6 2. Bf4 g6 3. Nf3 Bg7 4. e3 0-0 5. Bd3 d6 6. 0-0 Nbd7 7. Nbd2 Qe8 8. Bg3 e5 9. dxe5 dxe5 10. Bb5 Nh5 11. Nc4 Nxg3 12. hxg3 Qe7 13. Bxd7 Rd8 14. Qe2 Bxd7 15. Rfd1 Bb5 16. Nfd2 e4 17. a4 Ba6 18. Rab1 Qb4 19. b3 f5 20. g4 Bc3 21. gxf5 gxf5 22. Nf1 Qc5 23. Qh5 Rd5 24. Rxd5 Qxd5 25. Rd1 Qe6 26. Ng3 Rf8 27. Qg5+ Qg6 28. Qe7 Rf7 29. Rd8+ Kg7 30. Qe8 Kh6 31. Ne5 Bxe5 32. Qxe5 Qf6 33. Qf4+ Qg5 34. Qe5 Qxd8 35. Nxf5+ Rxf5 36. Qxf5 Qd1+ 37. Kh2 Qh5+ 38. Qxh5+ Kxh5 39. Kg3 Kg5 40. c4 b6 41. f4+ exf3 42. gxf3 Bc8 43. e4 Be6 44. f4+ Kf6 45. Kh4 c6 46. Kh5 b5 47. axb5 cxb5 48. cxb5 Bxb3 49. Kh6 Bc4 50. Kxh7 Bxb5 51. e5+ Kf5 52. Kg7 Bc4 0-1

[Event "Pan American-ch U14 Girls"]
[Site "Montevideo"]
[Date "2022.06.26"]
[Round "1"]
[White "Diaz Bartolo, Elizabeth Schahraza"]
[Black "Mayeregger Gonzalez, Fiorella Allegra"]
[Result "1/2-1/2"]
[WhiteElo "1549"]
[BlackElo "1284"]
[PlyCount "90"]
[EventDate "2022.06.26"]
[EventType "swiss"]
[EventRounds "9"]
[EventCountry "URU"]
[SourceTitle "EXT 2023"]
[Source "ChessBase"]
[SourceDate "2022.10.05"]
[SourceVersion "1"]
[SourceVersionDate "2022.10.05"]
[SourceQuality "1"]

1. e4 d5 2. exd5 Nf6 3. Nf3 Nxd5 4. d4 e6 5. c4 Nf6 6. Nc3 b6 7. Be2 Bb7 8. 0-0 Be7 9. Be3 0-0 10. Qc2 Nbd7 11. Rad1 c6 12. Ne5 Qc7 13. f4 Rad8 14. Bf3 a6 15. Qf2 c5 16. Nxd7 Nxd7 17. d5 exd5 18. Bxd5 Nf6 19. Qf3 Bxd5 20. Nxd5 Nxd5 21. Rxd5 Rxd5 22. Qxd5 Rd8 23. Qe4 Bf6 24. b3 g6 25. f5 Qe5 26. Qf3 Kg7 27. fxg6 fxg6 28. Bf4 Qd4+ 29. Kh1 Qd3 30. Bh6+ Kxh6 31. Qxf6 Qd6 32. Qf3 Qc7 33. h4 Qe7 34. g3 Kg7 35. Qc3+ Kg8 36. Re1 Qd6 37. Qf3 Rf8 38. Qg4 Qf6 39. Re2 Qf1+ 40. Kh2 Rf2+ 41. Rxf2 Qxf2+ 42. Kh3 Qf1+ 43. Kh2 Qf2+ 44. Kh3 Qf1+ 45. Kh2 Qf2+ 1/2-1/2

[Event "Pan American-ch Hybrid U14 Girls 31st"]
[Site "Tornelo INT"]
[Date "2021.09.04"]
[Round "9"]
[White "Diaz Bartolo, Elizabeth Schahraza"]
[Black "Sotelo Leon, Ester Victoria"]
[Result "0-1"]
[WhiteElo "1455"]
[BlackElo "1202"]
[PlyCount "128"]
[EventDate "2021.09.04"]
[EventType "swiss"]
[EventRounds "9"]
[EventCountry "NET"]
[SourceTitle "EXT 2023"]
[Source "ChessBase"]
[SourceDate "2022.10.05"]
[SourceVersion "1"]
[SourceVersionDate "2022.10.05"]
[SourceQuality "1"]

1. e4 c5 2. Nf3 a6 3. d4 cxd4 4. Nxd4 Nf6 5. Nc3 e5 6. Nf5 d5 7. Ng3 d4 8. Nce2 Nc6 9. a3 Bc5 10. Ng1 0-0 11. Bc4 b5 12. Ba2 h6 13. Nf3 Bg4 14. 0-0 Qe7 15. h3 Be6 16. Bxe6 Qxe6 17. Qd3 Rfd8 18. Bd2 Rac8 19. a4 Bb4 20. axb5 axb5 21. Rfc1 Bxd2 22. Qxd2 Ne7 23. Qd3 Rc5 24. Nf1 Ng6 25. N1d2 Rdc8 26. b4 Nf4 27. Qf1 R5c6 28. Ne1 Qd6 29. Nd3 Nxd3 30. Qxd3 Qxb4 31. Rab1 Qc3 32. Qxc3 Rxc3 33. Rxb5 Rxc2 34. Rxc2 Rxc2 35. Nf1 d3 36. Rb3 Nxe4 37. f3 Nc5 38. Rb8+ Kh7 39. Rd8 f5 40. Rd5 e4 41. Rxf5 exf3 42. gxf3 Nb3 43. Rd5 d2 44. Ne3 Ra2 45. Kf1 Ra1+ 46. Ke2 Rh1 47. Nf1 Rxh3 48. Nxd2 Rh2+ 49. Ke3 Nxd2 50. Rxd2 Rxd2 51. Kxd2 Kg6 52. Ke3 Kf5 53. Kf2 Kf4 54. Kg2 g5 55. Kf2 h5 56. Kg2 h4 57. Kh3 Kxf3 58. Kh2 g4 59. Kg1 Kg3 60. Kh1 Kf2 61. Kh2 g3+ 62. Kh1 g2+ 63. Kh2 g1Q+ 64. Kh3 Qg3# 0-1